Financing your small business (Record no. 63126)

MARC details
000 -LEADER
fixed length control field 00661nam a2200157 a 4500
008 - FIXED-LENGTH DATA ELEMENTS--GENERAL INFORMATION
fixed length control field 120416s0000 ||||||||||||||||| || u
020 ## - INTERNATIONAL STANDARD BOOK NUMBER
International Standard Book Number 0070561443
050 ## - LIBRARY OF CONGRESS CALL NUMBER
Classification number HG 4027.7 Seg
100 ## - MAIN ENTRY--PERSONAL NAME
Personal name Seglin, Jeffrey L
245 10 - TITLE STATEMENT
Title Financing your small business
260 ## - PUBLICATION, DISTRIBUTION, ETC.
Place of publication, distribution, etc. New York
Name of publisher, distributor, etc. McGraw-Hill
Date of publication, distribution, etc. 1990
300 ## - PHYSICAL DESCRIPTION
Extent xiii, 258p.
350 ## -
-- 0.00
995 ## -
-- ANNEX COLLECTION (Main Library)
-- 0.00
-- 000117
-- CBU-MAIN LIBRARY (Kitwe)
-- 1
-- 24.95
-- HG 4027.7 Seg
-- AVAILABLE
-- 000117
-- Annex Low-Usage Collection
995 ## -
-- MAIN LIBRARY OPEN ACCESS
-- 0.00
-- 007460
-- CBU-MAIN LIBRARY (Kitwe)
-- 2
-- 24.95
-- HG 4027.7 Seg
-- AVAILABLE
-- 007460
-- Main Library Open Access Collection
999 ## -
-- 63126
-- 63126
Holdings
Withdrawn status Lost status Source of classification or shelving scheme Damaged status Not for loan Permanent Location Current Location Shelving location Date acquired Total Checkouts Full call number Barcode Date last seen Price effective from Koha item type
          CBU-MAIN LIBRARY, KITWE. CBU-MAIN LIBRARY, KITWE.   12/24/2022   HG 4027.7 Seg 000117 12/24/2022 12/24/2022 MONOGRAPH
          CBU-MAIN LIBRARY, KITWE. CBU-MAIN LIBRARY, KITWE.   12/24/2022   HG 4027.7 Seg 007460 12/24/2022 12/24/2022 MONOGRAPH